Quiz Carte Afrique - Statistiques

Statistiques générales
  • Ce quiz a été pris 163 fois
  • Le résultat moyen est 29 sur 54
Réponses sur la Carte
Les réponses sont colorées sur une échelle allant du rouge au vert en fonction du pourcentage des utilisateurs qui les ont devinées à leur premier essai. Vous pouvez retrouver ces pourcentages ci-dessous.
 
Statistiques - réponses
Réponse % Correct
Afrique du Sud
95%
Algérie
95%
Angola
80%
Cap-Vert
67%
Égypte
67%
Côte d'Ivoire
62%
Libye
62%
Maroc
62%
Madagascar
60%
Mali
60%
Tunisie
60%
Burkina Faso
59%
Botswana
57%
Érythrée
57%
Soudan
57%
Cameroun
56%
Gambie
56%
Niger
56%
Somalie
56%
Bénin
55%
Eswatini
55%
Éthiopie
55%
Lesotho
55%
Nigeria
55%
Soudan du Sud
55%
Djibouti
54%
Mauritanie
54%
République centrafricaine
54%
Comores
53%
République démocratique du Congo
53%
Sénégal
53%
Ghana
52%
Guinée
52%
Namibie
52%
Tchad
52%
Maurice
51%
Rwanda
51%
Kenya
49%
Burundi
48%
Sao Tomé-et-Principe
48%
Liberia
47%
Mozambique
47%
République du Congo
47%
Seychelles
46%
Zimbabwe
46%
Gabon
45%
Guinée équatoriale
45%
Togo
45%
Ouganda
44%
Sierra Leone
44%
Malawi
43%
Zambie
43%
Tanzanie
42%
Guinée-Bissau
36%
Aucun quiz correspondant
Distribution des résultats
% des personnes avec chaque résultat
Percentile par nombre de réponses
Votre historique - résultats
Vous n’avez pas pris ce quiz